01011 2200325 4500001002100000005001500021035002000036007000300056008004100059020002200100082001600122084001800138100003100156245011200187300004600299650001600345700003000361700003400391264003000425336002100455337003000476338002300506040002200529090002200551090002200573850001200595504003400607999002200641990002200663INLIS00000000085844720210408112249 a0010-0421000352ta210408s2020 yoia g ind d a978-623-01-0725-204223a006.312 a006.312 MUH d0 aMuhammad ArhamiePengarang10aData mining :balgoritma dan implementasi /cMuhammad Arhami, Muhammad Nasir; penyunting, Ratih Indah Utami axii, 212 halaman :btabel, bagan ;c23 cm 4aData mining0 aMuhammad NasirePengarang0 aRatih Indah UtamiePenyunting31aYogyakarta :bAndi,c2020 2rdacontentateks 2rdamediaatanpa perantara 2rdacarrieravolume aYOPDYOGbinderda aDEP 006.312 MUH d aCB-D.11 2020-2048 aYOPDYOG aBibliografi : halaman 207-210 aCB-D.11/2020-2048 aCB-D.11/2020-2048